000 00440nam a2200193Ia 4500
003 0100
008 130303s9999 xx 000 0 und d
040 _cARRUPELIB
050 _aBJ41.W5 1961
100 _aWilson, John
245 _aReason and morals
260 _aCambridge
260 _bAt the University Press
260 _C1961
300 _avii
300 _b 187p. 20cm.
650 _bPhilosophy, Modern
942 _2lcc
_01
999 _c64175
_d64175